Haciendo más transparente la gestión de riesgo de la empresa
Αποθηκεύτηκε σε:
| Μορφή: | Βιβλίο |
|---|---|
| Γλώσσα: | Ισπανικά |
| Έκδοση: |
Santiago
Thomson Reuters CheckPoint
2013
|
| Έκδοση: | 1a. ed |
| Σειρά: | Contabilidad, auditoría e IFRS. Revista para la Gestión Profesional, 254
|
| Θέματα: | |
| Ετικέτες: |
Προσθήκη ετικέτας
Δεν υπάρχουν, Καταχωρήστε ετικέτα πρώτοι!
|
MARC
| LEADER | 00000cam a2200000 a 4500 | ||
|---|---|---|---|
| 001 | UCC1459 | ||
| 003 | CL-VaPUC | ||
| 008 | 171025e20130500cl |||||||||||||||||spa|d | ||
| 082 | 0 | 4 | |a 657 |b HAC |2 21 |
| 245 | 1 | 0 | |a Haciendo más transparente la gestión de riesgo de la empresa |
| 246 | 1 | 0 | |a IFRS instrumentos financieros información a revelar |
| 246 | 1 | 0 | |a Contribución de un modelo de contraloría interna al desarrollo estratégico de la empresa productiva del sector mecánico Reinike S.A |
| 246 | 1 | 0 | |a Norma de carácter general No 346 servicio circular No 788 |
| 250 | |a 1a. ed | ||
| 300 | |a 141 p | ||
| 942 | |c BK | ||
| 945 | |d 20171025 21:08:00 |a arojas | ||
| 260 | |a Santiago |b Thomson Reuters CheckPoint |c 2013 | ||
| 500 | |a Revista para la Gestión Profesional Mayo de 2013 | ||
| 650 | 0 | |a Contabilidad |9 261430 | |
| 650 | 7 | |a ESTADOS DE CUENTA |2 CL-VaPUC |9 351602 | |
| 650 | 7 | |a ESTADOS FINANCIEROS |2 CL-VaPUC |9 595557 | |
| 650 | 0 | |a Gobiernos corporativos |9 556476 | |
| 650 | 0 | |a Instrumentos financieros |9 410319 | |
| 650 | 7 | |a PYMES |2 CL-VaPUC |9 497299 | |
| 583 | |a last modification |c 20171025 21:08:00 |k Rodrigo Vera | ||
| 490 | 0 | |a Contabilidad, auditoría e IFRS. Revista para la Gestión Profesional, 254 | |
| 999 | |c 369962 |d 369960 | ||
| 952 | |0 0 |1 0 |3 erb |4 0 |6 657_000000000000000_HAC_2013 |7 0 |8 A |9 486155 |a BIBGIM |b BIBGIM |i 5432251 |o 657 HAC 2013 |p 5432251 |r 2025-01-15 |w 2019-11-24 |y BK |z Catalogado en:20171025 |k COM | ||